| 000 | 00723nam a2200217Ia 4500 | ||
|---|---|---|---|
| 003 | GCL | ||
| 008 | 140319s9999 xx 000 0 ara d | ||
| 020 | _a5144172977 | ||
| 040 |
_aGCL / _cGCL |
||
| 082 | 0 | 4 |
_a822.008 _bش ر |
| 100 | 1 | _aمحمد العنانى (مترجم) | |
| 245 | 1 | 0 |
_aروميو و جوليت / _cمحمد العنانى (مترجم) |
| 700 | 1 | _aشكسبير، ويليام | |
| 260 |
_aالقاهرة : _bمكتبة غريب ، _c1993 |
||
| 300 |
_a191 ص ؛ _c20 سم |
||
| 650 | 0 | 4 | _aالمسرح الانجليزى |
| 650 | 0 | 4 | _aالمسرحيات الانجليزية |
| 650 | 0 | 4 | _aالادب الانجليزى المترجم |
| 650 | 0 | 4 | _aشكسبير، ويليام |
| 942 |
_2ddc _cBK |
||
| 999 |
_c36684 _d36684 |
||